000 00943cab a2200253 4500
001 ABS58634
008 090401t1998 xxu||||| |||| 00| 0 eng d
035 _a(Sirsi) u85475
041 _aeng
100 _aStevens, J.
245 _aHaving your cake and eating it? "Union Eagle Ltd v Golden Achievement Ltd"
260 _c1998
350 _a0
490 _aModern Law Review
_v61(2) March 1998, 255-262(8)
520 _aDiscusses the Privy Council decision in the case of "Union Eagle Ltd v Golden Achievement Ltd", where a purchaser of land failed to complete contract by the stipulated time, by ten minutes, thus forfeiting deposit of purchase price.
650 _aCONTRACT
650 _aFORFEITURE
650 _aRESCISSION
650 _aUNION EAGLE LTD V GOLDEN ACHIEVEMENT LTD
690 _aMANAGEMENT-BUSINESS MANAGEMENT-PROFESSIONAL PRACTICE
690 _aPROPERTY LAW AND PRACTICE
942 _n0
948 _c07/04/1998
999 _c53743
_d53743